000 00573nam a2200217 i 4500
001 C2-0299815
003 PPAK
005 20180728081420.0
008 090827s1962 nr |||| ||||| | eng d
040 _aPPAK
_beng
_cPPAK
_erda
082 0 4 _a400
_223
090 0 0 _a400
_bBRO
_dKIH
100 1 _aBrosnahan, L. F.,
_eauthor
245 1 0 _aLanguage and society
264 1 _aNigeria :
_bIbadan University Press ,
_c1962
300 _a16 pages ;
_c21 cm
336 _2rdacontent
_atext
337 _2rdamedia
_aunmediated
338 _2rdacarrier
_avolume
942 _ddc
_cB
999 _c103738
_d103738